000 01019nam a2200301 4500
003 OSt
005 20260530113846.0
008 260507b1994 nyua|||| |||| 00| 0 eng d
020 _a0679740392
020 _a9780679740391
040 _aICI
_bspa
_cICI
041 _aeng
050 _aT15
_b.P48
100 1 _aPetroski, Henry,
_eautor
_930714
245 1 0 _aThe evolution of useful things :
_bhow everyday artifacts - from forks and pins to paper clips and zippers - came to be as they are /
_cHenry Petroski
264 1 _aNew York :
_bVintage Books,
_c1994
300 _a288 páginas :
_bilustraciones
336 _atexto
_2rdacontent
337 _asin medio
_2rdamedia
338 _avolumen
_2rdacarrier
650 4 _aIndustrial design
_xHistory
_930715
650 4 _aTechnological innovations
_xHistory
_930716
650 4 _aMaterial culture
_930717
650 4 _aEngineering design
_930718
650 4 _aHousehold appliances
_xHistory
_930719
650 4 _aTechnology
_xSocial aspects
_930720
942 _2lcc
_cBK
_n1
999 _c11284
_d11284